000 01134nam a22003257a 4500
001 BR8403551
003 BR-BrBNA
005 20230928091953.0
007 ta
008 230509b bl.||||| |||| 00| 0 por d
040 _aBR-BrBNA
_bpor
_cBiblioteca Nacional de Agricultura
041 _a(Por)
072 _aE30; E50; E10
_b/G514
090 _ E30 BR8403551
110 1 _aMinisterio da Agricultura, Brasilia, DF (Brasil). Programa de Desenvolvimento de Comunidades Rurais
_96820
245 1 _aProposta para uma atuacao conjunta Ministerio da Agricultura/Programa Grande Carajas nas pequenas comunidades na area de influencia da ferrovia Carajas - Para - Sao Luis/Maranhao com recursos do Finsocial. Valor Cr$ 7 bilhoes [Brasil]
260 3 _aBrasilia, DF (Brasil):
_c1984.
300 _a27 p.
500 _a7 tables; 1 Map, scale 1:1.000.000
650 _aPROJETO DE DESENVOLVIMENTO
650 _aCOMUNIDADE RURAL
650 _aDIRETRIZ
650 _aRECURSO ECONOMICO
650 _aCARAJAS
650 _aSAO LUIS
650 _aPARA
650 _aMARANHAO
909 _a202309
_bLucia
_c55
_dLucia Elande
942 _cBK
999 _c36477
_d36477